|
|
|
|
| LEADER |
00000caa a22000002c 4500 |
| 001 |
1912556375 |
| 003 |
DE-627 |
| 005 |
20250114054959.0 |
| 007 |
cr uuu---uuuuu |
| 008 |
241217s2018 xx |||||o 00| ||eng c |
| 035 |
|
|
|a (DE-627)1912556375
|
| 035 |
|
|
|a (DE-599)KXP1912556375
|
| 040 |
|
|
|a DE-627
|b ger
|c DE-627
|e rda
|
| 041 |
|
|
|a eng
|
| 084 |
|
|
|a 2,1
|2 ssgn
|
| 100 |
1 |
|
|a Sethi, Arjun S.
|e VerfasserIn
|4 aut
|
| 245 |
1 |
4 |
|a The FBI undercounted a surge of hate crimes last year. But it undercounted - by a lot
|
| 264 |
|
1 |
|c 2018
|
| 336 |
|
|
|a Text
|b txt
|2 rdacontent
|
| 337 |
|
|
|a Computermedien
|b c
|2 rdamedia
|
| 338 |
|
|
|a Online-Ressource
|b cr
|2 rdacarrier
|
| 773 |
0 |
8 |
|i Enthalten in
|t Washington Post
|g (2018)
|
| 773 |
1 |
8 |
|g year:2018
|
| 787 |
0 |
8 |
|i Forschungsdaten
|a United States Department of Justice. Federal Bureau of Investigation
|t Uniform Crime Reporting Program Data: Hate Crime Data (Record-Type Files), United States, 2017
|d [Erscheinungsort nicht ermittelbar] : [Verlag nicht ermittelbar], 2022
|w (DE-627)1840036087
|
| 856 |
4 |
0 |
|u https://www.washingtonpost.com/outlook/2018/11/14/fbi-recorded-surge-hate-crimes-last-year-it-undercounted-by-lot/?utm_term=.15ac9c5ae496
|x Verlag
|z lizenzpflichtig
|3 Volltext
|7 1
|
| 935 |
|
|
|a mkri
|
| 951 |
|
|
|a AR
|
| ELC |
|
|
|a 1
|
| LOK |
|
|
|0 000 xxxxxcx a22 zn 4500
|
| LOK |
|
|
|0 001 4637521874
|
| LOK |
|
|
|0 003 DE-627
|
| LOK |
|
|
|0 004 1912556375
|
| LOK |
|
|
|0 005 20241217044457
|
| LOK |
|
|
|0 008 241217||||||||||||||||ger|||||||
|
| LOK |
|
|
|0 035
|a (DE-2619)ICPSR134698
|
| LOK |
|
|
|0 040
|a DE-2619
|c DE-627
|d DE-2619
|
| LOK |
|
|
|0 092
|o n
|
| LOK |
|
|
|0 852
|a DE-2619
|
| LOK |
|
|
|0 852 1
|9 00
|
| LOK |
|
|
|0 935
|a uvkn
|a nacp
|
| LOK |
|
|
|0 939
|a 17-12-24
|b l01
|
| ORI |
|
|
|a SA-MARC-krimdoka001.raw
|